000 00683nam a2200241 a 4500
001 BRCA_5608
005 20190320205142.0
008 210211r1950----enka######---#000-0#eng-#
041 _aeng
044 _aenk
050 4 _aND623.T5
_b.T54 1950
100 1 _aTietze, Hans
_913804
245 1 0 _aTitian
_bthe Paintings and Drawings
_cHans Tietze.
250 _a2
260 _aLondres
_bPhaidon
_c1950
300 _a414 p.
_bil. (algunas a color), 355 láminas
_c27 cm.
500 _aIncluye tabla cronológica e índice de ilustraciones
500 _aF86
600 1 4 _aTiziano Vecelli
_d1477-1576
_913905
650 1 4 _aPintores italianos
_97654
902 _aGFM
942 _2lcc
_cB
999 _c5302
_d5302